<?xml version="1.0" encoding="UTF-8"?>
<record
    xmlns:xsi="http://www.w3.org/2001/XMLSchema-instance"
    xsi:schemaLocation="http://www.loc.gov/MARC21/slim http://www.loc.gov/standards/marcxml/schema/MARC21slim.xsd"
    xmlns="http://www.loc.gov/MARC21/slim">

  <leader>01013nam a2200241Ia 4500</leader>
  <controlfield tag="003">SEM</controlfield>
  <controlfield tag="005">20250425093838.0</controlfield>
  <controlfield tag="008">141116s2008    ai ||||gr||||||01|||arm|d</controlfield>
  <datafield tag="020" ind1=" " ind2=" ">
    <subfield code="a">9785808410541</subfield>
  </datafield>
  <datafield tag="040" ind1=" " ind2=" ">
    <subfield code="a">SEM</subfield>
    <subfield code="c">SEM</subfield>
  </datafield>
  <datafield tag="041" ind1=" " ind2=" ">
    <subfield code="a">arm</subfield>
  </datafield>
  <datafield tag="080" ind1=" " ind2=" ">
    <subfield code="a">930.27(47.925)/&#x540;-42</subfield>
  </datafield>
  <datafield tag="100" ind1=" " ind2=" ">
    <subfield code="a">&#x540;&#x561;&#x580;&#x578;&#x582;&#x569;&#x575;&#x578;&#x582;&#x576;&#x575;&#x561;&#x576;, &#x540;&#x580;&#x561;&#x579;&#x575;&#x561;</subfield>
  </datafield>
  <datafield tag="245" ind1=" " ind2=" ">
    <subfield code="a">&#x547;&#x578;&#x582;&#x577;&#x56B; :</subfield>
    <subfield code="b"> XVIII-XIX &#x564;&#x564;. &#x57F;&#x561;&#x57A;&#x561;&#x576;&#x561;&#x563;&#x580;&#x565;&#x580; /</subfield>
    <subfield code="c">&#x540;. &#x540;&#x561;&#x580;&#x578;&#x582;&#x569;&#x575;&#x578;&#x582;&#x576;&#x575;&#x561;&#x576; ; &#x53D;&#x574;&#x562;.&#x55D; &#x53B;. &#x542;&#x561;&#x580;&#x56B;&#x562;&#x575;&#x561;&#x576;</subfield>
  </datafield>
  <datafield tag="260" ind1=" " ind2=" ">
    <subfield code="a">&#x535;&#x580;&#x587;&#x561;&#x576; :</subfield>
    <subfield code="b">&#x535;&#x54A;&#x540; &#x570;&#x580;&#x561;&#x57F;&#x561;&#x580;&#x561;&#x56F;&#x579;&#x578;&#x582;&#x569;&#x575;&#x578;&#x582;&#x576;,</subfield>
    <subfield code="c">2008.</subfield>
  </datafield>
  <datafield tag="300" ind1=" " ind2=" ">
    <subfield code="a">300 &#x567;&#x57B; ;</subfield>
    <subfield code="b">&#x576;&#x56F;. ;</subfield>
    <subfield code="c">23 &#x57D;&#x574;</subfield>
  </datafield>
  <datafield tag="490" ind1=" " ind2=" ">
    <subfield code="a">&#x540;&#x561;&#x575;&#x56F;&#x561;&#x56F;&#x561;&#x576; &#x544;&#x561;&#x57F;&#x565;&#x576;&#x561;&#x577;&#x561;&#x580; ; &#x533;&#x561;&#x56C;&#x578;&#x582;&#x57D;&#x57F; &#x53F;&#x56B;&#x582;&#x56C;&#x57A;&#x567;&#x576;&#x56F;&#x565;&#x561;&#x576; &#x570;&#x56B;&#x574;&#x576;&#x561;&#x580;&#x56F;&#x578;&#x582;&#x569;&#x565;&#x561;&#x576;</subfield>
  </datafield>
  <datafield tag="650" ind1=" " ind2=" ">
    <subfield code="a">&#x54F;&#x561;&#x57A;&#x561;&#x576;&#x561;&#x584;&#x561;&#x580;&#x565;&#x580;&#x56B; &#x561;&#x580;&#x571;&#x561;&#x576;&#x561;&#x563;&#x580;&#x578;&#x582;&#x569;&#x575;&#x578;&#x582;&#x576;&#x576;&#x565;&#x580;</subfield>
    <subfield code="z">&#x547;&#x578;&#x582;&#x577;&#x56B;</subfield>
  </datafield>
  <datafield tag="653" ind1=" " ind2=" ">
    <subfield code="a">&#x54D;&#x537;&#x544;</subfield>
  </datafield>
  <datafield tag="700" ind1=" " ind2=" ">
    <subfield code="a">&#x542;&#x561;&#x580;&#x56B;&#x562;&#x575;&#x561;&#x576;, &#x53B;&#x563;&#x56B;&#x569;</subfield>
    <subfield code="e">&#x56D;&#x574;&#x562;.</subfield>
    <subfield code="4">edt.</subfield>
  </datafield>
  <datafield tag="830" ind1=" " ind2=" ">
    <subfield code="a">&#x540;&#x561;&#x575;&#x56F;&#x561;&#x56F;&#x561;&#x576; &#x544;&#x561;&#x57F;&#x565;&#x576;&#x561;&#x577;&#x561;&#x580; ; &#x533;&#x561;&#x56C;&#x578;&#x582;&#x57D;&#x57F; &#x53F;&#x56B;&#x582;&#x56C;&#x57A;&#x567;&#x576;&#x56F;&#x565;&#x561;&#x576; &#x570;&#x56B;&#x574;&#x576;&#x561;&#x580;&#x56F;&#x578;&#x582;&#x569;&#x565;&#x561;&#x576;</subfield>
  </datafield>
  <datafield tag="942" ind1=" " ind2=" ">
    <subfield code="2">udc</subfield>
    <subfield code="c">BK</subfield>
  </datafield>
  <datafield tag="999" ind1=" " ind2=" ">
    <subfield code="c">52321</subfield>
    <subfield code="d">52321</subfield>
  </datafield>
  <datafield tag="952" ind1=" " ind2=" ">
    <subfield code="0">0</subfield>
    <subfield code="1">0</subfield>
    <subfield code="2">udc</subfield>
    <subfield code="4">0</subfield>
    <subfield code="7">0</subfield>
    <subfield code="8">&#x533;&#x580;&#x561;&#x57A;&#x561;&#x570;&#x578;&#x581;</subfield>
    <subfield code="a">SEM</subfield>
    <subfield code="b">SEM</subfield>
    <subfield code="d">2014-11-16</subfield>
    <subfield code="i">23369</subfield>
    <subfield code="l">0</subfield>
    <subfield code="o">930.27(47.925)/&#x540;-42</subfield>
    <subfield code="p">23369</subfield>
    <subfield code="r">2014-11-16</subfield>
    <subfield code="w">2014-11-16</subfield>
    <subfield code="y">BK</subfield>
    <subfield code="z">&#x54D;&#x57A;&#x561;&#x57D;&#x561;&#x580;&#x56F;&#x57E;&#x578;&#x582;&#x574; &#x567; &#x568;&#x576;&#x569;&#x565;&#x580;&#x581;&#x561;&#x57D;&#x580;&#x561;&#x570;</subfield>
  </datafield>
  <datafield tag="952" ind1=" " ind2=" ">
    <subfield code="0">0</subfield>
    <subfield code="1">0</subfield>
    <subfield code="2">udc</subfield>
    <subfield code="4">0</subfield>
    <subfield code="7">0</subfield>
    <subfield code="8">&#x533;&#x580;&#x561;&#x57A;&#x561;&#x570;&#x578;&#x581;</subfield>
    <subfield code="a">SEM</subfield>
    <subfield code="b">SEM</subfield>
    <subfield code="d">2014-11-16</subfield>
    <subfield code="i">23370</subfield>
    <subfield code="l">0</subfield>
    <subfield code="o">930.27(47.925)/&#x540;-42</subfield>
    <subfield code="p">23370</subfield>
    <subfield code="r">2014-11-16</subfield>
    <subfield code="w">2014-11-16</subfield>
    <subfield code="y">BK</subfield>
    <subfield code="z">&#x54D;&#x57A;&#x561;&#x57D;&#x561;&#x580;&#x56F;&#x57E;&#x578;&#x582;&#x574; &#x567; 30 &#x585;&#x580;</subfield>
  </datafield>
  <datafield tag="952" ind1=" " ind2=" ">
    <subfield code="0">0</subfield>
    <subfield code="1">0</subfield>
    <subfield code="2">udc</subfield>
    <subfield code="4">0</subfield>
    <subfield code="7">0</subfield>
    <subfield code="8">&#x533;&#x580;&#x561;&#x57A;&#x561;&#x570;&#x578;&#x581;</subfield>
    <subfield code="a">SEM</subfield>
    <subfield code="b">SEM</subfield>
    <subfield code="d">2025-03-28</subfield>
    <subfield code="g">1000.00</subfield>
    <subfield code="i">&#x540;&#x578;&#x57E;&#x570;-463</subfield>
    <subfield code="l">0</subfield>
    <subfield code="o">&#x540;&#x578;&#x57E;&#x570;-463</subfield>
    <subfield code="p">&#x540;&#x578;&#x57E;&#x570;-463</subfield>
    <subfield code="r">2025-03-28</subfield>
    <subfield code="w">2025-03-28</subfield>
    <subfield code="y">BK</subfield>
    <subfield code="z">&#x54D;&#x57A;&#x561;&#x57D;&#x561;&#x580;&#x56F;&#x57E;&#x578;&#x582;&#x574; &#x567; 30 &#x585;&#x580;</subfield>
  </datafield>
</record>
